| 000 | 00760nam a2200277Ia 4500 | ||
|---|---|---|---|
| 003 | OSt | ||
| 005 | 20220928112559.0 | ||
| 006 | a|||||r|||| 00| 0 | ||
| 007 | ta | ||
| 008 | 220927b |||||||| |||| 00| 0 eng d | ||
| 020 | _c0 | ||
| 024 | _a112206 | ||
| 037 |
_bGIFT, 25/07/2011, Gift _cTextual |
||
| 040 |
_aSDCL _cSDCL _beng |
||
| 041 |
_2eng _aeng |
||
| 082 | _aD6,8(B289C++), P1 | ||
| 100 |
_aDeitel H M _9428895 |
||
| 245 | 0 | _aC++ how to program.(With CD) | |
| 250 | _a3 | ||
| 260 |
_aDelhi _bPearson _c2001 |
||
| 300 |
_aLXI,1168p. _ccm. |
||
| 650 |
_aGift _9391569 |
||
| 700 |
_a Deitel P J _9428896 |
||
| 942 |
_hD6,8(B289C++), P1 _cTEXL _2CC |
||
| 999 |
_c745389 _d745389 |
||